[Event "FICGS rapid C 000016 email"]
[Site "FICGS email"]
[Date "2006.12.14"]
[Round "1"]
[White "Ferrell, Austin"]
[Black "Glover, Brian"]
[Result "0-1"]
[WhiteElo "1300"]
[BlackElo "1400"]
[PlyCount "74"]
[EventDate "2006.??.??"]
[EventType "tourn (rapid)"]
[EventRounds "4"]
[SourceTitle "Corr 2022"]
[Source "ChessBase"]
[SourceDate "2021.10.24"]
[SourceVersion "1"]
[SourceVersionDate "2021.10.24"]
[SourceQuality "1"]

1. e4 e5 2. Nf3 Nc6 3. Bb5 d6 4. Bxc6+ bxc6 5. 0-0 Bg4 6. d3 g6 7. c4 Bg7 8. Nbd2 Nf6 9. Qa4 Qd7 10. d4 0-0 11. dxe5 dxe5 12. Nxe5 Qe6 13. Nxc6 Nxe4 14. Nxe4 Qxe4 15. f3 Bd4+ 16. Nxd4 Qxd4+ 17. Kh1 Bd7 18. Qb4 Rfe8 19. Bd2 Rab8 20. Qc3 Qh4 21. Be1 Qg5 22. b3 Re2 23. Rf2 Rbe8 24. Qd3 Rxe1+ 25. Rxe1 Rxe1+ 26. Rf1 Qe7 27. h3 Bf5 28. Rxe1 Qxe1+ 29. Kh2 Bxd3 30. a4 Qb4 31. h4 Qxb3 32. Kg3 Bxc4 33. a5 Qa4 34. a6 Qxa6 35. f4 Qb5 36. Kg4 a5 37. Kg3 a4 0-1

[Event "FICGS rapid C 000016 email"]
[Site "FICGS email"]
[Date "2006.12.14"]
[Round "1"]
[White "Ferrell, Austin"]
[Black "MacNair, Adrian"]
[Result "0-1"]
[WhiteElo "1300"]
[BlackElo "1273"]
[PlyCount "28"]
[EventDate "2006.??.??"]
[EventType "tourn (rapid)"]
[EventRounds "4"]
[SourceTitle "Corr 2022"]
[Source "ChessBase"]
[SourceDate "2021.10.24"]
[SourceVersion "1"]
[SourceVersionDate "2021.10.24"]
[SourceQuality "1"]

1. e4 g6 2. Nf3 Bg7 3. d4 d6 4. Bc4 Nf6 5. Nc3 0-0 6. 0-0 Nbd7 7. d5 c6 8. Ng5 b5 9. dxc6 bxc4 10. cxd7 Qxd7 11. Qe2 h6 12. Nf3 Bb7 13. Qxc4 Rac8 14. Qa4 Qxa4 0-1